Visión de Maranganí : (Record no. 22833)

000 -CABECERA
fixed length control field 00930nam a22002417i 4500
003 - IDENTIFICADOR DEL NÚMERO DE CONTROL
control field AR-CdUCM
008 - DATOS DE LONGITUD FIJA--INFORMACIÓN GENERAL
fixed length control field 240419b20222022pe ||||| |||| 00| 0 spa d
040 ## - FUENTE DE LA CATALOGACIÓN
Agencia/entidad que catalogó originalmente la obra MUNICIPALIDAD PROVINCIAL DEL CUSCO
Entidad que transcribió la catalogación BIBLIOTECA MUNICIPAL DEL CUSCO
082 ## - NÚMERO DE LA CLASIFICACIÓN DECIMAL DEWEY
No. de Clasificación 985.613 / M2A
Notacion interna M2A
100 ## - ENTRADA PRINCIPAL--NOMBRE DE PERSONA
Nombre Personal Aguilar Flores, José Domingo
245 ## - MENCIÓN DE TÍTULO
Título Visión de Maranganí :
Resto del título Bicentenario 2021 /
260 ## - PUBLICACIÓN, DISTRIBUCIÓN, ETC.
Lugar de publicación, distribución, etc. Cusco :
Fecha de publicación, distribución, etc. 2022
300 ## - DESCRIPCIÓN FÍSICA
Nº de Páginas Extensión 164 páginas. :
Dimensiones 29.7 cm.
500 ## - NOTA GENERAL
Bibliografía Bibliografía: página 164.
505 ## - NOTA DE CONTENIDO CON FORMATO
Nota de contenido formateada El origen de Maranganí -- Bicentenario -- Ley general de comunidades campesinas -- La reforma agraria -- SAIS Maranganí
650 ## - PUNTO DE ACCESO ADICIONAL DE MATERIA--TÉRMINO DE MATERIA
Descriptor Bicentenario - Nacional 1821- 2021
9 (RLIN) 49581
650 ## - PUNTO DE ACCESO ADICIONAL DE MATERIA--TÉRMINO DE MATERIA
Descriptor Qakakuy Banquete Público Indígena
9 (RLIN) 49582
650 ## - PUNTO DE ACCESO ADICIONAL DE MATERIA--TÉRMINO DE MATERIA
Descriptor El origen de Maranganí
9 (RLIN) 49583
650 ## - PUNTO DE ACCESO ADICIONAL DE MATERIA--TÉRMINO DE MATERIA
Descriptor Las comunidades campesinas
9 (RLIN) 49584
650 ## - PUNTO DE ACCESO ADICIONAL DE MATERIA--TÉRMINO DE MATERIA
Descriptor El Código Civil
9 (RLIN) 49585
942 ## - ELEMENTOS DE PUNTO DE ACCESO ADICIONAL (KOHA)
Fuente de clasificación
Tipo de item Libros-BMC
945 ## - PROCESAMIENTO DE INFORMACIÓN LOCAL (OCLC)
Catalogador pbj
AAAA-MM-DD - Fecha de ingreso o modificacion 2024-04-19
Holdings
Estado de retiro (separado) Fuente de clasificación o esquema de estanterías Estado dañado Ubicación Sala donde se ubica Nombre de la colección Fecha de adquisición o compra Fuente de adquisición Costo, precio normal en soles Signatura topográfica Código de Barras Última vez visto (Koha) Tipo de ítem (Koha)
No     Sala Humanidades Sala Humanidades Book Cart 2024-04-19 Donación 20.00 985.613 / M2A SH0000016661 2024-04-19 Libros-BMC
No     Sala Humanidades Sala Humanidades Book Cart 2024-04-19 Donación 20.00 985.613 / M2A / e.2 SH0000016662 2024-05-02 Libros-BMC

Powered by Koha